Statystyki dla Rzeki Europy

Kliknij tutaj aby rozwiązać quiz!

Ogólne statystyki

  • Ten quiz został rozwiązany 62 razy
  • Średni wynik to 14 z 28

Statystyki odpowiedzi

Odpowiedź% Poprawnych
Wisła
96%
Odra
91%
Wołga
87%
Dunaj
85%
Ren
78%
Tamiza
76%
Loara
74%
Dniepr
72%
Sekwana
72%
Tag
72%
Łaba
70%
Dniestr
65%
Ebro
61%
Pad
57%
Niemen
52%
Don
46%
Rodan
46%
Dźwina
37%
Ural
33%
Duero
26%
Garonna
24%
Gwadalkiwir
24%
Peczora
22%
Gwadiana
17%
Dwina
13%
Wezera
13%
Boh
9%
Glomna
2%

Rozkład punktacji

Percentyl według liczby udzielonych odpowiedzi

Procent ludzi z każdym wynikiem

Twoja historia wyników

Nie rozwiązałeś tego quizu